000 01268nam a2200337 a 4500
001 000038517
003 DO-SdBNP
005 20180214105229.0
007 000038517
008 090716s1995 dr 000 0 spa d
040 _aBPMET
_bspa
_cBPMET
092 _a923.2
_bG984h, 1995
100 1 _aGutiérrez Félix, Euclides
245 1 0 _aHéroes y próceres americanos /
_cEuclides Gutiérrez Félix ;.
260 _aSanto Domingo :
_bSecretaría de Estado de Educación, Bellas Artes y Cultos,
_c1995.
300 _a118 p. ;
_c22 cm.
500 _aIncluye referencias bibliográficas y notas al pie de las páginas.
504 _aIncluye referencias bibliografías (p.115-118)
650 4 _aREVOLUCIONARIOS
_zREPÚBLICA DOMINICANA
_xBIOGRAFÍAS
650 4 _aHÉROES
_zREPÚBLICA DOMINICANA
_xBIOGRAFÍAS
650 4 _aJEFES DE ESTADO
_zREPÚBLICA DOMINICANA
_xBIOGRAFÍAS
650 4 _aHÉROES
_zAMÉRICA
_xBIOGRAFÍAS
651 4 _aREPÚBLICA DOMINICANA
_xBIOGRAFÍAS
651 4 _aAMÉRICA
_xBIOGRAFÍAS
930 1 _lBND01
_mLF1
_820130412
_f01
_pCT
_g36107
942 _2ddc
_cBK
945 _aInventariado, 2018/ YL
956 _aYLOCKWARD
_b10
_c20130412
_dBPMSU
956 _aVMATEO
_b10
_c20130510
_lBND01
_h0928
956 _aVMATEO
_b10
_c20150908
_lBPMSU
_h00151
999 _c7604
_d7604